| 000 | 01151nam a22001457a 4500 | ||
|---|---|---|---|
| 999 |
_c517366 _d517366 |
||
| 008 | 210710b ||||| |||| 00| 0 eng d | ||
| 100 |
_aBursztyn, Leonardo, Egorov, Georgy and Fiorin, Stefano _926422 |
||
| 245 | _aFrom extreme to mainstream: The erosion of social norms | ||
| 260 | _aThe American Economic Review | ||
| 300 | _a110(11), Nov, 2020: p.3522-3548 | ||
| 520 | _aSocial norms, usually persistent, can change quickly when new public information arrives, such as a surprising election outcome. People may become more inclined to express views or take actions previously perceived as stigmatized and may judge others less negatively for doing so. We examine this possibility using two experiments. We first show via revealed preference experiments that Donald Trump's rise in popularity and eventual victory increased individuals' willingness to publicly express xenophobic views. We then show that individuals are sanctioned less negatively if they publicly expressed a xenophobic view in an environment where that view is more popular. - Reproduced | ||
| 773 | _aThe American Economic Review | ||
| 906 | _aSOCIAL NORMS | ||
| 942 | _cAR | ||